|
|
|
|
| LEADER |
00000nam0a2200000 4500 |
| 001 |
225979 |
| 005 |
20231101230711.0 |
| 035 |
|
|
|a (RuTPU)RU\TPU\book\246345
|
| 090 |
|
|
|a 225979
|
| 100 |
|
|
|a 20121116d1989 m y0rusy50 ca
|
| 101 |
0 |
|
|a rus
|
| 102 |
|
|
|a RU
|
| 105 |
|
|
|a a j 001zy
|
| 200 |
1 |
|
|a Изучение сквозных рудоконцентрирующих структур в прогнозных целях
|e методические рекомендации
|f Академия наук СССР (АН СССР), Институт геологии рудных месторождений, петрографии, минералогии и геохимии (ИГЕМ) ; Центральный научно-исследовательский горноразведочный институт цветных, редких и благородных металлов ; под ред. Н. В. Межеловского
|
| 210 |
|
|
|a Москва
|c [Б. и.]
|d 1989
|
| 215 |
|
|
|a 63 с.
|c ил.
|
| 320 |
|
|
|a Библиогр.: с. 61-62.
|
| 606 |
1 |
|
|a Рудные месторождения
|x Прогноз
|2 stltpush
|3 (RuTPU)RU\TPU\subj\25976
|9 50004
|
| 610 |
1 |
|
|a геология
|
| 610 |
1 |
|
|a сквозные рудоконцентрирующие структуры
|
| 610 |
1 |
|
|a структурные критерии
|
| 610 |
1 |
|
|a магматические критерии
|
| 610 |
1 |
|
|a геофизические критерии
|
| 610 |
1 |
|
|a космогеологические критерии
|
| 610 |
1 |
|
|a дешифрование
|
| 610 |
1 |
|
|a линеаментный анализ
|
| 610 |
1 |
|
|a рудообразование
|
| 610 |
1 |
|
|a количественная обработка
|
| 610 |
1 |
|
|a прогнозирование
|
| 610 |
1 |
|
|a методические рекомендации
|
| 675 |
|
|
|a 553.3/.4.04
|v 3
|
| 702 |
|
1 |
|a Межеловский
|b Н. В.
|4 340
|
| 712 |
0 |
2 |
|a Академия наук СССР (АН СССР)
|b Институт геологии рудных месторождений, петрографии, минералогии и геохимии (ИГЕМ)
|c (Москва)
|2 stltpush
|3 (RuTPU)RU\TPU\col\11398
|
| 712 |
0 |
2 |
|a Центральный научно-исследовательский горноразведочный институт цветных, редких и благородных металлов
|2 stltpush
|3 (RuTPU)RU\TPU\col\10068
|
| 801 |
|
1 |
|a RU
|b 63413507
|c 20121116
|
| 801 |
|
2 |
|a RU
|b 63413507
|c 20130614
|g RCR
|
| 942 |
|
|
|c BK
|